| 000 | 00881nam a22002057a 4500 | ||
|---|---|---|---|
| 999 |
_c18661 _d18661 |
||
| 003 | AR-CdUCM | ||
| 008 | 190514b ||||| |||| 00| 0 spa d | ||
| 020 | _a970-10-1899-0 | ||
| 040 |
_aMUNICIPALIDAD PROVINCIAL DEL CUSCO _cBIBLIOTECA MUNICIPAL DEL CUSCO |
||
| 082 |
_a353.83 / _bH41 |
||
| 100 |
_aHernandez Sampieri, Roberto. _939385 |
||
| 245 | _aMetodología de la investigación / | ||
| 260 |
_aMéxico : _bMcGraw-Hill, _c1999. |
||
| 300 |
_a501 páginas ; _c23 cm. |
||
| 505 | _aContenido : La idea, nace un proyecto de investigación -- Planteamiento del problema:objetivos, preguntas de investigación y justificación del estudio -- La elaboración del marco teórico, revisión de la literatura y construcción de una perspectiva teórica ... | ||
| 650 |
_aInvestigación. _91940 |
||
| 650 |
_aMetodología. _92264 |
||
| 942 |
_2ddc _cLIBROS |
||
| 945 |
_arum _d2019-05-14 |
||